000 00727nam a22002177a 4500
005 20081020171357.0
008 081020t xxu||||| |||| 00| 0 eng d
010 _aENG-84181
020 _a8175412925
020 _c395.00 (hb)
035 _aEN-67714
082 _a327.54051
245 _aPanchsheel:
_bretrospect and prospect /
_cedited by Mahavir Singh
260 _aDelhi
_bShipra Publications
260 _c2005
300 _a152p
_c22cm
500 _aIncludes index
700 _aMahavir Singh, ed
942 _2ddc
_cEN
_h327.54051
_mPAN
999 _c17143
_d17143